000 00427nam a2200157 4500
005 20260130124515.0
020 _a9789395161077
082 _a519.5
_bRAO.P
084 _2Colon Classification
100 _aRao,Dukkipati V
_98841
245 _aProbability and statistics:
_bfor scientists and engineers
250 _a2nd ed.
260 _a NewDelhi:
_bNew Age International,
_c2023.
300 _a520p.
942 _2ddc
_c GIF
999 _c755548
_d755548